000
00339nam a2200133Ia 4500
008
190722s9999 xx 000 0 und d
020
_a
978-81-265-5674-8
100
_a
Uma Sekaran
245
0
_a
Research Methods for Business a skill building approach
250
_a
6th
260
_a
India
_b
Wiley
_c
2016
300
_a
423
942
_c
BK
999
_c
1111
_d
1111